|
|
|
|
| LEADER |
00000nab a2200000 a 4500 |
| 001 |
vtls000083111 |
| 003 |
SK-MaSNL |
| 005 |
20260303175605.0 |
| 008 |
150430c1981 xo 0 slo |
| 015 |
|
|
|a SNBRB19rr/mm-uuuuu
|
| 035 |
|
|
|a CL0093213
|
| 040 |
|
|
|a SNKBUCL
|b slo
|c SNKBUCL
|e AACR2
|
| 041 |
0 |
|
|a slo
|
| 044 |
|
|
|a xo
|c SK
|
| 080 |
|
|
|a 82.09:882-3(048)
|2 1981
|
| 080 |
|
|
|a 882-3(048)
|2 1981
|
| 100 |
1 |
|
|a (bt)
|4 aut
|9 838974
|
| 245 |
1 |
0 |
|a Plný život
|c (bt) ; Konstantin Simonov
|
| 650 |
0 |
7 |
|a novely autobiografické
|2 snkbucl
|9 930735
|
| 650 |
0 |
7 |
|a literatúra faktu
|2 snkbucl
|9 18459
|
| 650 |
0 |
7 |
|a sovietska literatúra
|2 snkbucl
|9 22300
|
| 655 |
|
7 |
|a články z novín a časopisov
|2 snkbucl
|9 267496
|
| 655 |
|
7 |
|a články z odboru literárna veda a krásna literatúra
|2 snkbucl
|9 770045
|
| 700 |
1 |
|
|a Simonov, Konstantin Michajlovič,
|d 1915-1979
|4 aut
|9 117044
|
| 773 |
0 |
|
|t Hlas ľudu
|g Roč. 27, č. 80 (4. 4. 1981), s. /4/
|
| 787 |
0 |
8 |
|i Rec.:
|a Simonov, Konstantin
|t Už sa nestretneme
|d Bratislava : Slovenský spisovateľ, 1980
|
| 850 |
|
|
|a Slovenská národná knižnica v Martine
|a MTA001
|
| 852 |
|
|
|a SNK
|b KIS3GCP
|
| 958 |
|
|
|a RK
|
| 958 |
|
|
|a LX
|
| 958 |
|
|
|a SK
|
| 992 |
|
|
|a RBX
|
| 999 |
|
|
|c 2102543
|d 2104473
|